000 00519nam a2200193Ia 4500
003 GCL
008 140319s9999 xx 000 0 ara d
040 _aGCL /
_cGCL
082 0 4 _aد
_b050
100 1 _aعبدالعزيز شرف
245 1 0 _aالمكيفات ( اقرا 433 ) /
_cعبدالعزيز شرف
300 _a231 ص
490 _aوثائق ونصوص
_v0
650 0 4 _aالمخدرات
650 0 4 _aالصحة العامة
650 0 4 _aالتدخين
650 0 4 _aالكحول
942 _2ddc
_cCF
999 _c27335
_d27335